| 000 -LEADER |
| fixed length control field |
01736nam a22004937a 4500 |
| 001 - CONTROL NUMBER |
| control field |
4816322 |
| 003 - CONTROL NUMBER IDENTIFIER |
| control field |
LIBRIS |
| 005 - DATE AND TIME OF LATEST TRANSACTION |
| control field |
20210422054300.0 |
| 008 - FIXED-LENGTH DATA ELEMENTS--GENERAL INFORMATION |
| fixed length control field |
011211s2000 xxu 001 0 eng c |
| 020 ## - INTERNATIONAL STANDARD BOOK NUMBER |
| International Standard Book Number |
032300749X ; |
| 040 ## - CATALOGING SOURCE |
| Original cataloging agency |
Vabi |
| Language of cataloging |
eng |
| Transcribing agency |
DLC |
| 041 ## - LANGUAGE CODE |
| Language code of text/sound track or separate title |
eng |
| 080 ## - UNIVERSAL DECIMAL CLASSIFICATION NUMBER |
| Universal Decimal Classification number |
614 |
| Item number |
S-81 |
| 082 ## - DEWEY DECIMAL CLASSIFICATION NUMBER |
| Classification number |
610.7343 |
| Edition number |
21 |
| 084 ## - OTHER CLASSIFICATION NUMBER |
| Classification number |
Vph |
| Number source |
kssb/7 |
| 084 ## - OTHER CLASSIFICATION NUMBER |
| Classification number |
Vpg |
| Number source |
kssb/7 |
| 084 ## - OTHER CLASSIFICATION NUMBER |
| Classification number |
Vph |
| Number source |
kssb/6 |
| 084 ## - OTHER CLASSIFICATION NUMBER |
| Classification number |
Vpg |
| Number source |
kssb/6 |
| 245 00 - TITLE STATEMENT |
| Title |
Community & public health nursing / |
| Statement of responsibility, etc. |
[edited by] Marcia Stanhope, Jeanette Lancaster |
| Remainder of title |
/ by: Mosby |
| 250 ## - EDITION STATEMENT |
| Edition statement |
5th edition |
| 260 ## - PUBLICATION, DISTRIBUTION, ETC. |
| Place of publication, distribution, etc. |
St. Louis, Mo. : |
| Name of publisher, distributor, etc. |
Mosby, |
| Date of publication, distribution, etc. |
cop. 2000 |
| 300 ## - PHYSICAL DESCRIPTION |
| Extent |
xviii, 988 p. Appendixes 192 p. Answers to Clinical Applications 12 p. Glossary 32 p. Index 18 p. |
| Other physical details |
ill. |
| 500 ## - GENERAL NOTE |
| General note |
Rev. ed. of: Community health nursing, 4. ed., cop. 1996 |
| 504 ## - BIBLIOGRAPHY, ETC. NOTE |
| Bibliography, etc. note |
Includes bibliographical references and index |
| 650 #2 - SUBJECT ADDED ENTRY--TOPICAL TERM |
| Topical term or geographic name entry element |
Community health nursing |
| 650 #0 - SUBJECT ADDED ENTRY--TOPICAL TERM |
| Topical term or geographic name entry element |
Public Health |
| 9 (RLIN) |
337 |
| 650 #2 - SUBJECT ADDED ENTRY--TOPICAL TERM |
| Topical term or geographic name entry element |
Public Health Nursing |
| 650 #7 - SUBJECT ADDED ENTRY--TOPICAL TERM |
| Topical term or geographic name entry element |
Community health nursing |
| Source of heading or term |
BNB |
| 653 ## - INDEX TERM--UNCONTROLLED |
| Uncontrolled term |
საზოგადოებრივი ჯანდაცვა |
| 700 1# - ADDED ENTRY--PERSONAL NAME |
| Personal name |
Stanhope, Marcia |
| Relationship |
oth |
| Authority record control number or standard number |
255862 |
| 700 1# - ADDED ENTRY--PERSONAL NAME |
| Personal name |
Lancaster, Jeanette |
| Relationship |
oth |
| Authority record control number or standard number |
255861 |
| 740 0# - ADDED ENTRY--UNCONTROLLED RELATED/ANALYTICAL TITLE |
| Uncontrolled related/analytical title |
Community and public health nursing |
| 740 0# - ADDED ENTRY--UNCONTROLLED RELATED/ANALYTICAL TITLE |
| Uncontrolled related/analytical title |
Community health nursing |
| 775 1# - OTHER EDITION ENTRY |
| International Standard Book Number |
0-8016-4760-6 |
| Record control number |
0801647606 |
| 942 ## - ADDED ENTRY ELEMENTS (KOHA) |
| Source of classification or shelving scheme |
|
| Koha item type |
Books |
| Edition |
5 |